You are God's best! (Record no. 12734)

000 -LEADER
fixed length control field 00645nam a2200193 a 4500
001 - CONTROL NUMBER
control field :::00010548$&:&@@
003 - CONTROL NUMBER IDENTIFIER
control field OkBaRHE
005 - DATE AND TIME OF LATEST TRANSACTION
control field 20001101114710.0
008 - FIXED-LENGTH DATA ELEMENTS--GENERAL INFORMATION
fixed length control field s1984 j 000 0 eng u
040 ## - CATALOGING SOURCE
Transcribing agency
100 1# - MAIN ENTRY--PERSONAL NAME
Personal name Osborn, T. L. (Tommy Lee).
245 10 - TITLE STATEMENT
Title You are God's best!
260 ## - PUBLICATION, DISTRIBUTION, ETC. (IMPRINT)
Place of publication, distribution, etc Tulsa, OK., :
Name of publisher, distributor, etc Osborn Publishers
Date of publication, distribution, etc c1984
300 ## - PHYSICAL DESCRIPTION
Extent 147 p. : photos ;
Dimensions 18 cm.
650 ## - SUBJECT ADDED ENTRY--TOPICAL TERM
Topical term or geographic name as entry element Christian Life
942 ## - ADDED ENTRY ELEMENTS (KOHA)
Source of classification or shelving scheme
Koha item type Books
Copies
Shelving location Koha item type Lost status Source of classification or shelving scheme Not for loan Permanent Location Withdrawn status Damaged status Date last seen Full call number Copy number Barcode Price effective from Date acquired
General StacksBooks   RHEMA Bible Training College  2010-04-14BV 4501 .O811105482010-04-142010-04-14
General StacksBooks   RHEMA Bible Training College  2010-04-14BV 4501 .O812184142010-04-142010-04-14